00545nam a2200193 a 4500001001300000003000900013005001700022008004100039020001000080082001800090100003400108245003900142260005600181300000900237500003500246505001300281650002300294700003400317nice12345678IN_TiNIC20260116011915.0050524s1952 hyda grp 000 0 urd  ac10000a297.1221bKHA aKhan Mohammad, Abdul Muqtadar aQanoon-E-Ilahi Yani Qur`an Majeed. aHyderabadbIdara-E-Kirdar Sazi O Maashi Nizamc1952 a96p. aincludes index and biblioraphy2 aAppendix aQuran-Appreciation1 aKhan Mohammad, Abdul Muqtadar